000 00481nam a2200169Ia 4500
008 230917s9999||||xx |||||||||||||| ||und||
020 _cRS350
040 _e242364
_aMAIN
041 _aEnglish
082 _a642.4 N139B
100 _aNagrath, Kushagra
245 0 _aBanqueting and catering management: The basic concept
260 _aNew Delhi
_bKanaishka Publishers
_c2010
300 _axvi, 117 p.
500 _a2885 25/09/2017 HBD17/7055 26/09/2017 IHTM (SFS)
942 _cBK
999 _c24117
_d24117